000 00422nam a22001697a 4500
999 _c5740
_d5738
005 20210909111128.0
008 181006b xxu||||| |||| 00| 0 eng d
020 _a978-81-8609-970-4
041 _aeng
100 _aKatyayan,ARUN
_94869
245 _aFundamentals of Agriculture Volume I
250 _a7th
260 _aVaranasi
_bKaushal Publiction
_c2018
300 _a475
650 _aAgriculture
_92837
942 _cBK